| 000 | 00982nam a2200301Ia 4500 | ||
|---|---|---|---|
| 001 | Z_533 | ||
| 003 | CHAP | ||
| 008 | 220113s1989 xx 000 0 und d | ||
| 010 | _a163643 | ||
| 040 | _cCHAP | ||
| 090 | _aTesis M 462 | ||
| 100 |
_aMéndez Eguia Lis, Germán _976494 |
||
| 245 |
_aEstado mineral y reproducción estacional de vacas lecheras en Quintana Roo, México / _cpor Germán Méndez Eguia Lis |
||
| 260 |
_aChapingo, Méx. : _bEl autor, _c1989 |
||
| 300 | _a102 h. | ||
| 502 | _aTesis (Maestro en Ciencia Esp. en Producción Animal) -- UACH. Departamento de Zootecnia | ||
| 650 |
_aAnimales _xElementos minerales _95861 |
||
| 650 |
_aGanado lechero _xNutrición _945281 |
||
| 650 |
_aGanado lechero _xQuintana Roo _9137608 |
||
| 650 |
_aGanado lechero _xReproducción _945294 |
||
| 650 |
_aReproducción estacional de vacas lecheras _9137802 |
||
| 901 | _aTESIS M 462 | ||
| 902 | _aM | ||
| 910 | _a1989 | ||
| 942 | _c2 | ||
| 942 | _c2 | ||
| 999 |
_c163643 _d163643 |
||